000 00496nam a2200205Ia 4500
003 GCL
008 140319s9999 xx 000 0 eng d
040 _aGCL /
_cGCL
082 0 4 _a646.2
_bA S
100 1 _aALLEN, HELEN
245 1 0 _aSEWING & KNITTING /
_cALLEN, HELEN
700 1 _aMCLEAN, DIANA
700 1 _aROUND, GRAHAM
260 _a[S.N] :
_bUSBORNE ،
_c1989
300 _a64 P
490 _aTHE USBORNE GUIDE TO
_v0
650 0 4 _aKNITTING
650 0 4 _aSEWING
942 _2ddc
_cBK
999 _c21387
_d21387